000 00615nam a2200229Ia 4500
003 OSt
005 20220924133348.0
006 a|||||r|||| 00| 0
007 ta
008 220923b |||||||| |||| 00| 0 hin d
024 _a264655
037 _cTextual
040 _aARTS
_cARTS
_bhin
041 _2hin
_ahin
082 _aO157,2M61:g(R14), M7
100 _aPal Nimai Chandra
_9206234
245 0 _aRabindra natake angile
_bRupak sanketik
260 _c1987
650 _aBENGALI LITERATURE
942 _hO157,2M61:g(R14), M7
_cTEXL
_2CC
999 _c433520
_d433520